00561nam a22001817a 450000500170000001000150001702000270003203500140005903700130007308200110008624501200009726000340021727000500025130000250030150000220032670000150034870000160036320181025142112.0 aENG-124368 c1695.00a9789386552730 aEN-107900 bDBAD/PUB a954.01 aBlending nation and region:ced. by Sajal Nag [and] Ishrat Alambessays in honour of late professor Amalendu Guha / aNew DelhibPrimus Booksc2018 aArakashan Road, Paharganj,bNew Delhie110055 axi,556p.c22cm. (Hb) aIt includes index aSajal Nag  aIshrat Alam